000 00754nam a2200229 i 4500
001 18067
003 ES-MaACL
007 t|
008 010914s1967 it ||||1| ita d
080 _a329(45)PCI
100 1 _aBerti, Giuseppe.
_928456
245 1 1 _aI primi dieci anni di vita del P.C.I.
_b: documenti inediti dell'archivio Angelo Tasca /
_cGiuseppe Berti.
250 _a1ยช ed.
260 _aMilano :
_bFeltrinelli,
_c1967.
300 _a524 p. ;
_c22 cm.
490 1 _aI fatti e le idee. Saggi e biografie ;
_v162
500 _aBiblioteca Juan Andrade.
610 2 7 _aPartito comunista italiano.
_96163
830 0 _aI fatti e le idee. Saggi e biografie ;
_v162
_9228768
852 _aES-MaACL
_jAND-78
_bR.109404
999 _c18067
_d18067